| 000 | 00433nam a2200145 a 4500 | ||
|---|---|---|---|
| 005 | 20140513081057.0 | ||
| 008 | 070925s19uu xx 00 eng d | ||
| 050 |
_aVCD _bLo888 2001 |
||
| 245 | _aLouis Pasteur. | ||
| 260 |
_aPhilippines : _bNest, _c2001. |
||
| 500 | _aRun time: 30 minutes | ||
| 520 | _aFrench scientist who developed antirabbies vaccines. | ||
| 650 | _aScientist-inventor-vaccination-antirabbies. | ||
| 999 |
_c116574 _d116574 |
||